History of Muslim Philosophy (Vol-II) (Record no. 287649)

000 -LEADER
fixed length control field 00229 a2200097 4500
001 - CONTROL NUMBER
control field 52576
090 ## - LOCALLY ASSIGNED LC-TYPE CALL NUMBER (OCLC); LOCAL CALL NUMBER (RLIN)
-- 33063
-- 33063
100 ## - MAIN ENTRY--PERSONAL NAME
Personal name Sharif M M
245 ## - TITLE STATEMENT
Title History of Muslim Philosophy (Vol-II)
260 ## - PUBLICATION, DISTRIBUTION, ETC.
Place of publication, distribution, etc. Karachi
Name of publisher, distributor, etc. Royal Books
Date of publication, distribution, etc.
942 ## - ADDED ENTRY ELEMENTS (KOHA)
Institution code [OBSOLETE] NUST-CAE
Koha item type
--
Holdings
Withdrawn status Lost status Damaged status Not for loan Collection code Permanent Location Current Location Date acquired Total Checkouts Barcode Date last seen Price effective from Koha item type
          College of Aeronautical Engineering (CAE) College of Aeronautical Engineering (CAE) 04/03/2017   CAE30645 04/05/2017 04/05/2017 Book
© 2023 Central Library, National University of Sciences and Technology. All Rights Reserved.